ORDEM DAS GUERRAS - Statistics

Estatísticas Gerais
  • Esse quiz foi jogado 397 vezes
  • A pontuação média é 5 de 15
Estatísticas das Respostas
ANO GUERRA % Correto
1914-1918 d.c Primeira Guerra Mundial
95%
1939-1945 d.c Segunda Guerra Mundial
95%
1947-1991 d.c Guerra Fria
89%
1337-1452 d.c Guerra dos Cem Anos
41%
1803-1815 d.c Guerras Napoleônicas
34%
1095-1291 d.c Cruzadas
30%
1864-1870 d.c Guerra do Paraguai
26%
1250-1240 a.c Guerra de Troia
17%
722-1492 d.c Reconquista
16%
1618-1648 d.c Guerra dos 30 anos
15%
1822-1824 d.c Guerra de Indepêndencia do Brasil
7%
1775-1783 d.c Guerra de Indepêndencia dos Estados Unidos
6%
218-202 a.c Segunda Guerra Punica
6%
1701-1714 d.c Guerra da Sucessão Espanhola
3%
1651-1987 d.c Guerra dos 335 anos
3%
Nenhum quiz correspondente encontrado
Distribuição das Pontuações
Porcentagem de Pessoas com Cada Pontuação
Percentil de Números Respondidos
Sua Pontuação Histórica
Você não jogou esse quiz